Historical Countries that Competed at the Olympics - Statistics

General Stats
  • This quiz has been taken 103 times
    102 since last reset
  • The average score is 7 of 16
Answer Stats
Last Country Medals % Correct
1988 Soviet Union URS 473 | 376 | 355
96%
1992 Yugoslavia YUG 26 | 32 | 29
93%
1992 Czechoslovakia TCH 51 | 57 | 60
89%
1988 East Germany GDR 192 | 165 | 162
82%
1988 West Germany FRG 67 | 82 | 94
69%
2006 Serbia and Montenegro SCG 2 | 4 | 3
45%
1988 South Yemen YMD
37%
1948 Republic of China ROC
35%
1988 North Yemen YAR
34%
1952 Saar SAA
18%
1912 Russian Empire RU1 1 | 4 | 3
16%
1912 Bohemia BOH 0 | 1 | 3
15%
1960 British West Indies BWI 0 | 0 | 2
13%
2008 Netherlands Antilles AHO 0 | 1 | 0
11%
1956 Malaya MAL
7%
1960 North Borneo NBO
7%
No matching quizzes found
Score Distribution
Percent of People with Each Score
Percentile by Number Answered
Your Score History
You have not taken this quiz since the last reset